Seguridad alimentaria y derecho internacional

Bibliographic Details
Main Author: Fillol Mazo, Adriana
Format: eBook
Language:Spanish
Published: Madrid: Dykinson, 2020
Subjects:
Online Access:Acceso restringido

MARC

LEADER 00000nam a22000007a 4500
005 20220613224355.0
007 cr|||| |||
008 220613s2020 ea |||||s|||| 00||0 spa d
020 |a 978-84-1324-838-7 
035 |a 35749 
040 |a vLex 
090 |c 13422  |d 13422 
100 1 |a Fillol Mazo, Adriana 
245 1 0 |a Seguridad alimentaria y derecho internacional  |h [Recurso electrn̤ico] /  |c Adriana Fillol Mazo 
256 |a Servicio en ln̕ea 
260 |a Madrid:  |b Dykinson,  |c 2020 
300 |a 1 recurso electrn̤ico 
500 |a El objeto de este trabajo se centra, por tanto, en los aspectos jurd̕icos de la proteccin̤ de la seguridad alimentaria, fundamentalmente en su dimensin̤ cuantitativa, en el marco del derecho internacional. Con ello, el objetivo general que se pretende es dilucidar las fuentes normativas, en derecho internacional, para clarificar las obligaciones de los Estados a este respecto y encontrar nuevas fr̤mulas jurd̕icas que refuercen la proteccin̤ que se despliega actualmente. 
506 1 |a Disponible solo en los productos indicados  |d vLex Global  |d vLex Global (Academic Edition, excluding Law Schools)  |d vLex Global (U.S. Academic Edition, Law Schools)  |d vLex Global (U.S. Academic Edition, excluding Law Schools)  |d vLex Global (Academic Edition, Law Schools) 
650 0 4 |a Derecho Internacional  |z Espaą 
740 0 |a vLex Libros (Servicio en ln̕ea) 
856 4 0 |u https://app.vlex.com/#/sources/35749  |z Acceso restringido 
942 |c BOOK 
999 0 |a International right